=LDR 00000nam 2200000 4500 =001 INLIS000000000029985 =005 20130612132154 =008 ***********************************Ind** =035 ##$$0010-061300000029985 =041 ##$$a Ind =082 ##$$a 780.1 =090 ##$$a 780.1, Sat c =100 ##$$a Satiadarma, Monty P =245 ##$$a Cedas dengan musik, Monty P =260 ##$$a 2004 $b Jakarta =300 ##$$a vi, 61 hlm, ilus, 21 cm =650 ##$$a Musik =850 ##$$a NBPNMAT